[Event "World Teams 2013"]
[Site "Antalya TUR"]
[Date "2013.11.27"]
[Round "2.1"]
[White "Ezat, Mohamed"]
[Black "Movsesian, Sergei"]
[Result "1/2-1/2"]
[WhiteTitle "IM"]
[BlackTitle "GM"]
[WhiteElo "2454"]
[BlackElo "2700"]
[WhiteTeam "Egypt"]
[BlackTeam "Armenia"]
[WhiteFideId "10600906"]
[BlackFideId "310204"]
[EventDate "2013.11.26"]

1. d4 d6 2. Nf3 Nf6 3. c4 g6 4. Nc3 Bg7 5. e4 O-O 6. Be2 Nbd7 7. O-O e5 8. Qc2
c6 9. Rd1 Qe7 10. dxe5 dxe5 11. b3 Re8 12. a4 a5 13. Ba3 Nc5 14. Ne1 h5 15. Nd3
Nfd7 16. Nb1 Bf8 17. Nd2 Qf6 18. Bb2 Nxd3 19. Bxd3 Nc5 20. Nf3 Bg4 21. Be2 Bxf3
22. Bxf3 Ne6 23. Qc3 Nf4 24. g3 Bb4 25. Qe3 Ne6 26. Rac1 Bc5 27. Qe2 Bd4 28. Ba3
Rad8 29. h4 Kg7 30. Bg2 g5 31. hxg5 Nxg5 32. Kf1 Rh8 33. Bb2 Bxb2 34. Qxb2 Ne6
35. Qc3 Nc5 36. Rb1 b6 37. b4 axb4 38. Qxb4 Rxd1+ 39. Rxd1 Rd8 40. Rxd8 Qxd8 41.
Bf3 h4 42. gxh4 Qd3+ 43. Kg2 Ne6 44. Qe7 Qxc4 45. h5 Qc1 46. Bg4 Qg5 47. Qxg5+
Nxg5 48. f3 Ne6 49. Kf2 Kh6 50. Ke3 Kg5 51. Kd3 Nc5+ 52. Kc4 Nxa4 53. Bd7 Nc5
54. Bxc6 Kxh5 55. Kb5 f6 56. Kxb6 Ne6 57. Bd5 Nd4 58. Kc5 Nxf3 59. Kd6 Kg6 60.
Ke7 Kg7 61. Bc6 Nh4 62. Bb7 Ng6+ 63. Ke6 Nf4+ 64. Ke7 Kg6 65. Bc6 Kg5 66. Be8 f5
67. exf5 e4 68. f6 Nd5+ 69. Ke6 Nc7+ 70. Ke7 Nd5+ 71. Ke6 Nxf6 72. Bb5 Ng4 73.
Kd5 Kf4 74. Kd4 e3 75. Be2 Nh6 76. Kd3 Nf5 77. Kc2 Kg3 78. Kd1 Kf2 79. Bd3 Nd6
80. Ba6 Ne4 81. Bd3 Nc3+ 82. Kc2 Na4 83. Bb5 Kf3 84. Bc6+ Kf2 85. Bb5 Nc5 86.
Kd1 Nb3 87. Ba6 Nd2 88. Bb5 Ne4 89. Bd3 Nd6 90. Ba6 Nf5 91. Bb5 Nd4 92. Bd3 e2+
93. Bxe2 Nxe2 1/2-1/2

[Event "World Teams 2013"]
[Site "Antalya TUR"]
[Date "2013.11.27"]
[Round "2.1"]
[White "Akopian, Vladimir"]
[Black "Shoker, Samy"]
[Result "1-0"]
[WhiteTitle "GM"]
[BlackTitle "IM"]
[WhiteElo "2681"]
[BlackElo "2500"]
[WhiteTeam "Armenia"]
[BlackTeam "Egypt"]
[WhiteFideId "13300032"]
[BlackFideId "627143"]
[EventDate "2013.11.26"]

1. e4 d6 2. d4 Nf6 3. Nc3 g6 4. Be3 c6 5. Qd2 b5 6. Bd3 Nbd7 7. Nf3 e5 8. O-O
Bb7 9. a4 exd4 10. Bxd4 b4 11. Ne2 c5 12. Bxf6 Qxf6 13. c3 Bg7 14. Bb5 Rd8 15.
cxb4 O-O 16. Ng3 Qxb2 17. Qxd6 Ne5 18. Qxc5 Nxf3+ 19. gxf3 Qb3 20. Rae1 a6 21.
Be2 Qxa4 22. b5 Bd4 23. Qc4 axb5 24. Qxb5 Qa7 25. Kg2 h5 26. Qg5 Kh7 27. Nxh5
gxh5 28. Qxh5+ Kg8 29. Kh1 Bg7 30. Rg1 Qd4 31. Rxg7+ Qxg7 32. Rg1 Rd6 33. Rxg7+
Kxg7 34. Qe5+ Rf6 35. f4 Rh8 36. f5 Rh6 37. f3 Bc6 38. Bc4 Kf8 39. Qb8+ Kg7 40.
Qg3+ Kf8 41. Qf4 Rh3 42. Bf1 Rh5 43. Qb8+ Kg7 44. Qe5 Bd7 45. Qd4 Bc6 46. Qc3
Rh6 47. Qe5 Kf8 48. Qb8+ Kg7 49. Qf4 Rd6 50. Be2 Rd7 51. e5 Kh7 52. Kg2 Rd8 53.
Kf2 Ra8 54. f6 Rh8 55. Bd3+ Kg8 56. Qg4+ Kf8 57. Qb4+ 1-0

[Event "World Teams 2013"]
[Site "Antalya TUR"]
[Date "2013.11.27"]
[Round "2.1"]
[White "Petrosian, Tigran L."]
[Black "Labib, Ibrahim Hasan"]
[Result "1-0"]
[WhiteTitle "GM"]
[BlackTitle "IM"]
[WhiteElo "2660"]
[BlackElo "2411"]
[WhiteTeam "Armenia"]
[BlackTeam "Egypt"]
[WhiteFideId "13301616"]
[BlackFideId "10600426"]
[EventDate "2013.11.26"]

1. c4 e5 2. g3 Bc5 3. Bg2 Nc6 4. Nc3 d6 5. Nf3 Be6 6. d3 Qd7 7. h3 h6 8. e3 Bb6
9. a3 Nge7 10. b4 O-O 11. Bb2 a6 12. Nd2 f5 13. Nd5 f4 14. Nxb6 cxb6 15. gxf4
exf4 16. Rg1 fxe3 17. fxe3 Ne5 18. Qe2 Bf5 19. Ne4 Rac8 20. O-O-O Qe6 21. Kb1 d5
22. cxd5 Nxd5 23. Rc1 Rce8 24. Ka1 Rf7 25. Nf2 Bh7 26. Bxd5 Qxd5 27. e4 Qd6 28.
Qe3 Kh8 29. Qg3 Re6 30. Ng4 Nxd3 31. Nxh6 Rxh6 32. Bxg7+ 1-0

[Event "World Teams 2013"]
[Site "Antalya TUR"]
[Date "2013.11.27"]
[Round "2.2"]
[White "Nakamura, Hikaru"]
[Black "Kramnik, Vladimir"]
[Result "1-0"]
[WhiteTitle "GM"]
[BlackTitle "GM"]
[WhiteElo "2786"]
[BlackElo "2793"]
[WhiteTeam "USA"]
[BlackTeam "Russia"]
[WhiteFideId "2016192"]
[BlackFideId "4101588"]
[EventDate "2013.11.26"]

1. d4 Nf6 2. c4 e6 3. Nc3 Bb4 4. Qc2 O-O 5. a3 Bxc3+ 6. Qxc3 d5 7. Nf3 dxc4 8.
Qxc4 b6 9. Bg5 Ba6 10. Qc3 h6 11. Bxf6 Qxf6 12. g3 Bb7 13. Bg2 Na6 14. O-O c5
15. Rac1 Rac8 16. Ne5 cxd4 17. Qxd4 Bxg2 18. Kxg2 Nc5 19. b4 Nb3 20. Rxc8 Rxc8
21. Qd7 Rf8 22. f4 Qf5 23. Rf3 Qc2 24. Qd3 Qxd3 25. Rxd3 Nc1 26. Rd2 Rc8 27. h4
h5 28. b5 Rc7 29. Nc6 Kh7 30. Rb2 a5 31. Kf2 Rd7 32. Ne5 Rc7 33. Rd2 f6 34. Nd7
Nb3 35. Nf8+ Kg8 36. Rd7 Rxd7 37. Nxd7 Nd4 38. a4 Nxb5 39. axb5 a4 40. Nc5 a3
41. Nb3 a2 42. Ke3 Kf7 43. Kd4 Ke7 44. e4 e5+ 45. fxe5 Ke6 46. Na1 fxe5+ 47. Kc3
g5 48. Kb2 gxh4 49. gxh4 Kd6 50. Nb3 1-0

[Event "World Teams 2013"]
[Site "Antalya TUR"]
[Date "2013.11.27"]
[Round "2.2"]
[White "Grischuk, Alexander"]
[Black "Kamsky, Gata"]
[Result "1/2-1/2"]
[WhiteTitle "GM"]
[BlackTitle "GM"]
[WhiteElo "2785"]
[BlackElo "2721"]
[WhiteTeam "Russia"]
[BlackTeam "USA"]
[WhiteFideId "4126025"]
[BlackFideId "2000024"]
[EventDate "2013.11.26"]

1. e4 e5 2. Nf3 Nc6 3. Bb5 a6 4. Ba4 Nf6 5. O-O Be7 6. d3 b5 7. Bb3 O-O 8. Nc3
d6 9. a3 Bg4 10. Be3 Nd4 11. Bxd4 exd4 12. Nd5 Nd7 13. h3 Bxf3 14. Qxf3 c6 15.
Nf4 Rc8 16. g3 Bg5 17. Ne2 d5 18. exd5 c5 19. d6 Nb6 20. c3 c4 21. Bc2 dxc3 22.
Nxc3 Qxd6 23. Rad1 Qc6 24. Qf5 Bf6 25. dxc4 g6 26. Qf4 Bxc3 27. cxb5 axb5 28.
Be4 Qf6 29. bxc3 Qxf4 30. gxf4 Na4 31. Rd4 Nxc3 32. Bf3 Rc7 33. Rb4 Rd8 34. Kg2
Rd3 35. Rc1 Nd5 36. Rxc7 Nxc7 37. a4 bxa4 38. Rxa4 Ne6 39. Bg4 Nd4 40. Ra8+ Kg7
41. Re8 f5 42. Be2 Rc3 43. Ba6 h5 44. Bb7 h4 45. Bd5 Kf6 46. Re3 Rc5 47. Ba2 Ra5 1/2-1/2

[Event "World Teams 2013"]
[Site "Antalya TUR"]
[Date "2013.11.27"]
[Round "2.2"]
[White "Onischuk, Alexander"]
[Black "Nepomniachtchi, Ian"]
[Result "1/2-1/2"]
[WhiteTitle "GM"]
[BlackTitle "GM"]
[WhiteElo "2672"]
[BlackElo "2721"]
[WhiteTeam "USA"]
[BlackTeam "Russia"]
[WhiteFideId "14101025"]
[BlackFideId "4168119"]
[EventDate "2013.11.26"]

1. d4 Nf6 2. c4 g6 3. g3 c6 4. Bg2 d5 5. Nf3 Bg7 6. O-O O-O 7. cxd5 cxd5 8. Ne5
e6 9. Nc3 Nfd7 10. Nf3 Nc6 11. Bf4 Qb6 12. Na4 Qb5 13. e3 Nb6 14. Nxb6 Qxb6 15.
Bd6 Rd8 16. Ba3 Bd7 17. Qd2 Qa5 18. Qxa5 Nxa5 19. b3 Rdc8 20. Rfc1 Bb5 21. Bf1
Bxf1 22. Kxf1 Bf8 23. Bxf8 Kxf8 24. Ne5 Ke7 25. Ke2 f6 26. Nd3 Kd6 27. f4 h5 28.
Kd2 Nc6 29. Rc3 Ne7 30. Rac1 Rxc3 31. Rxc3 b6 32. Nf2 Nc6 33. Nd3 Ne7 34. Nf2
Nc6 35. Nd3 Ne7 1/2-1/2

[Event "World Teams 2013"]
[Site "Antalya TUR"]
[Date "2013.11.27"]
[Round "2.2"]
[White "Vitiugov, Nikita"]
[Black "Robson, Ray"]
[Result "0-1"]
[WhiteTitle "GM"]
[BlackTitle "GM"]
[WhiteElo "2741"]
[BlackElo "2613"]
[WhiteTeam "Russia"]
[BlackTeam "USA"]
[WhiteFideId "4152956"]
[BlackFideId "2023970"]
[EventDate "2013.11.26"]

1. d4 d5 2. c4 e6 3. Nc3 c6 4. e4 dxe4 5. Nxe4 Bb4+ 6. Bd2 Qxd4 7. Bxb4 Qxe4+ 8.
Ne2 Na6 9. Bf8 Ne7 10. Bxg7 Nb4 11. Qd6 Nc2+ 12. Kd2 Nxa1 13. Bxh8 Qc2+ 14. Ke1
e5 15. f3 Be6 16. Bf6 Ng6 17. h4 Qf5 18. Bg5 h6 19. Bxh6 Rd8 20. Qc5 Qb1+ 21.
Kf2 Nc2 22. h5 Nf4 23. Bxf4 exf4 24. Qa5 Qd1 25. Nxf4 Rd2+ 26. Kg1 Ne3 27. Qg5
Qxf1+ 28. Kh2 Qxf3 0-1

[Event "World Teams 2013"]
[Site "Antalya TUR"]
[Date "2013.11.27"]
[Round "2.3"]
[White "Korobov, Anton"]
[Black "Ding, Liren"]
[Result "1-0"]
[WhiteTitle "GM"]
[BlackTitle "GM"]
[WhiteElo "2713"]
[BlackElo "2711"]
[WhiteTeam "Ukraine"]
[BlackTeam "China"]
[WhiteFideId "14105730"]
[BlackFideId "8603677"]
[EventDate "2013.11.26"]

1. d4 Nf6 2. c4 g6 3. Nc3 Bg7 4. g3 O-O 5. Bg2 d6 6. Nf3 Nc6 7. O-O Rb8 8. d5
Na5 9. Nd2 c5 10. Qc2 a6 11. a4 e6 12. b3 exd5 13. cxd5 Ng4 14. h3 Nh6 15. Bb2
f5 16. e3 Nf7 17. Ne2 Bxb2 18. Qxb2 Ne5 19. Qc3 Qb6 20. Rfc1 Bd7 21. f4 Nf7 22.
Rab1 Rfc8 23. g4 Qb4 24. gxf5 Qxc3 25. Nxc3 gxf5 26. Nc4 b6 27. Nxa5 bxa5 28.
Bf1 Re8 29. Kf2 Bc8 30. Bc4 Nh6 31. Rg1+ Kh8 32. Rbe1 Rf8 33. e4 fxe4 34. Nxe4
Rb6 35. Kf3 Nf5 36. Ng5 Nd4+ 37. Kg3 Rb7 38. Ne6 Bxe6 39. dxe6 Rg7+ 40. Kf2
Rxf4+ 41. Ke3 Rf3+ 42. Ke4 Rf5 43. Rgf1 Re5+ 44. Kd3 Rf5 45. Rxf5 Nxf5 46. Ke4
Ne7 47. Rd1 d5+ 48. Bxd5 Rg3 49. Bc4 Kg7 50. Rf1 Kh6 51. Rf7 Ng6 52. e7 Rg1 53.
Kd5 1-0

[Event "World Teams 2013"]
[Site "Antalya TUR"]
[Date "2013.11.27"]
[Round "2.3"]
[White "Wang, Yue"]
[Black "Kryvoruchko, Yuriy"]
[Result "1-0"]
[WhiteTitle "GM"]
[BlackTitle "GM"]
[WhiteElo "2725"]
[BlackElo "2701"]
[WhiteTeam "China"]
[BlackTeam "Ukraine"]
[WhiteFideId "8601429"]
[BlackFideId "14109182"]
[EventDate "2013.11.26"]

1. Nf3 Nf6 2. g3 d5 3. Bg2 e6 4. O-O Be7 5. c4 O-O 6. d4 dxc4 7. Qc2 a6 8. a4
Bd7 9. Qxc4 Bc6 10. Bg5 Nbd7 11. Nc3 h6 12. Bxf6 Nxf6 13. a5 Bxf3 14. Bxf3 c6
15. h4 h5 16. e4 g6 17. Rfd1 Rc8 18. Qb3 Qc7 19. Rac1 Rfd8 20. e5 Nd7 21. Be4
Kg7 22. Ne2 Qxa5 23. Qxb7 c5 24. Nf4 Rc7 25. b4 Rxb7 26. bxa5 Rb5 27. d5 Nxe5
28. dxe6 Rxd1+ 29. Rxd1 Rxa5 30. Nd5 Kf8 31. exf7 Kxf7 32. Rb1 Rb5 33. Ra1 a5
34. Nc3 Rb2 35. Rxa5 Ng4 36. Ra7 Rb6 1-0

[Event "World Teams 2013"]
[Site "Antalya TUR"]
[Date "2013.11.27"]
[Round "2.3"]
[White "Areshchenko, Alexander"]
[Black "Bu, Xiangzhi"]
[Result "1/2-1/2"]
[WhiteTitle "GM"]
[BlackTitle "GM"]
[WhiteElo "2720"]
[BlackElo "2683"]
[WhiteTeam "Ukraine"]
[BlackTeam "China"]
[WhiteFideId "14109530"]
[BlackFideId "8601445"]
[EventDate "2013.11.26"]

1. e4 c5 2. Nf3 Nc6 3. Bb5 d6 4. O-O Bd7 5. Re1 Nf6 6. c3 a6 7. Bf1 Bg4 8. h3
Bxf3 9. Qxf3 g6 10. d3 Bg7 11. Be3 e5 12. Nd2 O-O 13. Qd1 h6 14. Nf3 b6 15. b4
Kh7 16. bxc5 dxc5 17. Rb1 Qc7 18. g3 Rfd8 19. Qc2 Rac8 20. Rb2 Qa7 21. Reb1 Nd4
22. Bxd4 cxd4 23. Rxb6 Rxc3 24. Qd1 Nd7 25. Rb7 Qc5 26. Nd2 Qc6 27. h4 h5 28.
Nc4 Kg8 29. Ra7 Ra8 30. Rxd7 Qxd7 31. Nb6 Qd8 32. Nxa8 Qxa8 33. Rb6 Qc8 34. Qb1
Bf8 35. Rb8 Qc5 36. Qb7 Qd6 37. Ra8 Ra3 38. Ra7 Qf6 39. Qd5 Rc3 40. Be2 Rc2 41.
Kf1 Kg7 42. Qb3 Rc3 43. Qb7 Qe6 44. Kg2 Ra3 45. Bd1 Qxa2 46. Qb8 Qe6 47. Ra8 Qd6
48. Bb3 Qxb8 1/2-1/2

[Event "World Teams 2013"]
[Site "Antalya TUR"]
[Date "2013.11.27"]
[Round "2.4"]
[White "Mamedov, Rauf"]
[Black "Giri, Anish"]
[Result "1/2-1/2"]
[WhiteTitle "GM"]
[BlackTitle "GM"]
[WhiteElo "2647"]
[BlackElo "2732"]
[WhiteTeam "Azerbaijan"]
[BlackTeam "Netherlands"]
[WhiteFideId "13401653"]
[BlackFideId "24116068"]
[EventDate "2013.11.26"]

1. e4 c5 2. Nf3 e6 3. d3 Nc6 4. g3 Nf6 5. Bg2 Be7 6. O-O O-O 7. Re1 d6 8. c4 Ng4
9. Nc3 Nge5 10. a3 Rb8 11. Be3 a6 12. Rb1 b5 13. cxb5 axb5 14. b4 Nxf3+ 15. Bxf3
Bf6 16. Qd2 Bd4 17. Bg2 Bxe3 18. Qxe3 Nd4 19. Rec1 e5 20. f4 cxb4 21. axb4 Bb7
22. Ne2 Nxe2+ 23. Qxe2 Rc8 24. Qe3 Qd7 25. Ra1 Rxc1+ 26. Rxc1 Rc8 27. Rxc8+ Bxc8
28. Qb6 g6 29. h3 Bb7 30. Kh2 Kg7 31. d4 exf4 32. gxf4 f5 33. d5 1/2-1/2

[Event "World Teams 2013"]
[Site "Antalya TUR"]
[Date "2013.11.27"]
[Round "2.4"]
[White "Van Wely, Loek"]
[Black "Safarli, Eltaj"]
[Result "0-1"]
[WhiteTitle "GM"]
[BlackTitle "GM"]
[WhiteElo "2678"]
[BlackElo "2653"]
[WhiteTeam "Netherlands"]
[BlackTeam "Azerbaijan"]
[WhiteFideId "1000268"]
[BlackFideId "13402129"]
[EventDate "2013.11.26"]

1. d4 Nf6 2. c4 g6 3. Nc3 d5 4. Nf3 Bg7 5. cxd5 Nxd5 6. Bg5 h6 7. Bh4 c5 8. Rc1
Nxc3 9. bxc3 O-O 10. e3 Be6 11. Qd2 Nc6 12. Be2 cxd4 13. cxd4 g5 14. Bg3 Qa5 15.
h4 Qxd2+ 16. Kxd2 g4 17. Ne1 Bxa2 18. Rc2 Bd5 19. Bxg4 e5 20. dxe5 Rfd8 21. Ke2
Nxe5 22. Bxe5 Bxe5 23. Nd3 Be4 24. Rd1 Bf6 25. Bf3 Bxf3+ 26. gxf3 Rdc8 27. Ra2
a6 28. Nf4 Bxh4 29. Rd7 b5 30. Rb7 Rab8 31. Rxb8 Rxb8 32. Rxa6 b4 33. Rxh6 Bg5
34. Rh1 Bxf4 35. exf4 Kg7 36. Kd3 Kf6 37. Kc4 Kf5 38. Rb1 Rc8+ 39. Kd4 Rd8+ 40.
Kc4 Kxf4 41. Rxb4 f5 42. Rb5 Rd2 43. Kc3 Rxf2 44. Kd3 Rxf3+ 45. Ke2 Kg3 46. Rb8
Rf2+ 47. Ke1 f4 48. Rg8+ Kf3 49. Rf8 Rh2 50. Rf7 Rh1+ 51. Kd2 Rf1 52. Rf8 Kg2
53. Rg8+ Kf2 54. Kd3 Re1 55. Kd2 f3 56. Rh8 Re7 57. Rh2+ Kg1 58. Rh8 Rg7 0-1

[Event "World Teams 2013"]
[Site "Antalya TUR"]
[Date "2013.11.27"]
[Round "2.4"]
[White "Mamedov, Nidjat"]
[Black "Sokolov, Ivan"]
[Result "1-0"]
[WhiteTitle "GM"]
[BlackTitle "GM"]
[WhiteElo "2616"]
[BlackElo "2625"]
[WhiteTeam "Azerbaijan"]
[BlackTeam "Netherlands"]
[WhiteFideId "13400819"]
[BlackFideId "14400030"]
[EventDate "2013.11.26"]

1. e4 e5 2. Nf3 Nc6 3. Bb5 a6 4. Ba4 Nf6 5. O-O Be7 6. Re1 b5 7. Bb3 O-O 8. h3
Bb7 9. d3 d6 10. a3 Qd7 11. Nc3 Rae8 12. Bd2 Nd8 13. a4 b4 14. Nd5 Nxd5 15. exd5
c6 16. d4 exd4 17. Bxb4 Bf6 18. Qd2 cxd5 19. Nxd4 Re4 20. Rxe4 dxe4 21. Rd1 Re8
22. Ne2 d5 23. Bc3 Qe7 24. Bxf6 Qxf6 25. Nc3 Ne6 26. Nxd5 Qxb2 27. Nc7 Nxc7 28.
Qd7 Qf6 29. Qxc7 Ba8 30. Qd6 Qg5 31. Qd7 Rf8 32. Qg4 Qe5 33. Rd7 g6 34. Qg3 Qf6
35. Qd6 Qg5 36. Qg3 Qf6 37. Kh2 a5 38. Ra7 Bc6 39. Ra6 Ra8 40. Rb6 Rd8 41. Qc7
Rd6 42. Bxf7+ Kf8 43. Rb8+ Kg7 44. Be6+ 1-0

[Event "World Teams 2013"]
[Site "Antalya TUR"]
[Date "2013.11.27"]
[Round "2.4"]
[White "L'Ami, Erwin"]
[Black "Guseinov, Gadir"]
[Result "1/2-1/2"]
[WhiteTitle "GM"]
[BlackTitle "GM"]
[WhiteElo "2648"]
[BlackElo "2607"]
[WhiteTeam "Netherlands"]
[BlackTeam "Azerbaijan"]
[WhiteFideId "1007998"]
[BlackFideId "13401378"]
[EventDate "2013.11.26"]

1. d4 Nf6 2. c4 g6 3. Nc3 Bg7 4. e4 d6 5. Nf3 O-O 6. Be2 c5 7. O-O cxd4 8. Nxd4
Nc6 9. Be3 Bd7 10. Rc1 Nxd4 11. Bxd4 Bc6 12. Qd3 a5 13. Rfd1 a4 14. c5 dxc5 15.
Bxc5 Qxd3 16. Bxd3 Rfe8 17. a3 e6 18. f3 Rec8 19. Bd4 Nd7 20. Bxg7 Kxg7 21. Na2
Ne5 22. Be2 g5 23. Kf2 Kf6 24. Ke3 Ke7 25. Rc5 f6 26. Nb4 Bd7 27. Rdc1 Rxc5 28.
Rxc5 Kd6 29. Rc1 h5 30. Nd3 Nxd3 31. Bxd3 h4 32. Rd1 Ke7 33. Rc1 Kd6 34. Be2 Bc6
35. Rd1+ Ke7 36. Rd4 Ra5 37. g3 hxg3 38. hxg3 Ra8 39. Rb4 Kd6 40. Bb5 Bxb5 41.
Rxb5 Kc6 42. Rb4 e5 43. Rc4+ Kd6 44. Kf2 b5 45. Rc1 Rb8 46. Kg2 b4 47. Rc4 bxa3
48. bxa3 Rb2+ 49. Kh3 Rb3 50. Rxa4 Rxf3 51. Kg4 Re3 52. Kf5 Rf3+ 53. Kg4 Re3 54.
Ra6+ Ke7 55. Kf5 Rf3+ 56. Kg4 Re3 57. Kf5 1/2-1/2

[Event "World Teams 2013"]
[Site "Antalya TUR"]
[Date "2013.11.27"]
[Round "2.5"]
[White "Khenkin, Igor"]
[Black "Ipatov, Alexander"]
[Result "1/2-1/2"]
[WhiteTitle "GM"]
[BlackTitle "GM"]
[WhiteElo "2612"]
[BlackElo "2630"]
[WhiteTeam "Germany"]
[BlackTeam "Turkey"]
[WhiteFideId "4659600"]
[BlackFideId "14116731"]
[EventDate "2013.11.26"]

1. d4 b6 2. Nf3 Bb7 3. g3 Nf6 4. Bg2 g6 5. O-O Bg7 6. c4 O-O 7. Nc3 Ne4 8. Nxe4
Bxe4 9. Be3 d5 10. Rc1 Nc6 11. Qa4 dxc4 12. Qxc4 e6 13. Rfd1 Rc8 14. d5 Bxd5 15.
Rxd5 Qxd5 16. Qxd5 exd5 17. Rxc6 Bxb2 18. Bd4 Bxd4 19. Nxd4 Rfd8 20. Bh3 f5 21.
g4 Rd6 22. gxf5 Rxc6 23. Nxc6 Re8 24. e3 Kf7 25. fxg6+ hxg6 26. Bg2 Ke6 27. Nxa7
Ke5 28. f4+ Kd6 29. Nb5+ Kc6 30. Nc3 Rxe3 31. Nxd5 Re1+ 32. Kf2 Ra1 33. Ne3+ Kd6
34. Bd5 b5 35. Bf7 Ke7 36. Bd5 c5 37. Kf3 c4 38. Ke4 1/2-1/2

[Event "World Teams 2013"]
[Site "Antalya TUR"]
[Date "2013.11.27"]
[Round "2.5"]
[White "Solak, Dragan"]
[Black "Meier, Georg"]
[Result "0-1"]
[WhiteTitle "GM"]
[BlackTitle "GM"]
[WhiteElo "2618"]
[BlackElo "2623"]
[WhiteTeam "Turkey"]
[BlackTeam "Germany"]
[WhiteFideId "916811"]
[BlackFideId "4675789"]
[EventDate "2013.11.26"]

1. e4 e6 2. d4 d5 3. Nd2 c5 4. exd5 Qxd5 5. Ngf3 cxd4 6. Bc4 Qd6 7. O-O Nf6 8.
Nb3 Nc6 9. Nbxd4 Nxd4 10. Nxd4 a6 11. Re1 Qc7 12. Bf1 Be7 13. Qf3 O-O 14. Bf4
Bd6 15. Bxd6 Qxd6 16. Rad1 Qc7 17. g4 Nd5 18. Bd3 b5 19. Qg3 Bb7 20. Qxc7 Nxc7
21. f3 Rfd8 22. Be4 Bxe4 23. fxe4 Ne8 24. Kf2 Rac8 25. Ke3 h6 26. Rd3 Nf6 27. h3
Rc4 28. b3 Rc5 29. Ne2 Rdc8 30. c3 h5 31. Kf3 Re5 32. Rd4 hxg4+ 33. hxg4 g5 34.
Rh1 Kg7 35. Rh3 a5 36. Rh1 Rec5 37. Rd3 Kg6 38. Rh2 R5c7 39. Rh1 Nd7 40. Rd4
Ne5+ 41. Kg3 Rxc3+ 42. Nxc3 Rxc3+ 43. Kg2 Nxg4 44. Rd8 Nf6 45. e5 Nd5 46. Rg8+
Kf5 47. Rh7 Ne3+ 48. Kf2 Ng4+ 49. Ke1 Nxe5 50. Rhg7 Ke4 51. Rb8 Ke3 52. Kf1 Rc2
53. Rxb5 Rf2+ 54. Ke1 Nd3+ 55. Kd1 Rd2# 0-1

[Event "World Teams 2013"]
[Site "Antalya TUR"]
[Date "2013.11.27"]
[Round "2.5"]
[White "Naiditsch, Arkadij"]
[Black "Yilmaz, Mustafa"]
[Result "1-0"]
[WhiteTitle "GM"]
[BlackTitle "GM"]
[WhiteElo "2727"]
[BlackElo "2577"]
[WhiteTeam "Germany"]
[BlackTeam "Turkey"]
[WhiteFideId "4650891"]
[BlackFideId "6302718"]
[EventDate "2013.11.26"]

1. e4 c5 2. Nf3 d6 3. d4 cxd4 4. Nxd4 Nf6 5. Nc3 a6 6. Bg5 e6 7. f4 h6 8. Bh4
Qb6 9. Qd2 Qxb2 10. Rb1 Qa3 11. e5 dxe5 12. fxe5 Nd5 13. Nxd5 exd5 14. e6 Bxe6
15. Nxe6 fxe6 16. Bd3 Be7 17. Bg6+ Kd8 18. Bxe7+ Qxe7 19. O-O Nd7 20. Rf7 Qc5+
21. Kh1 Rf8 22. Rxg7 Rf6 23. Bd3 Kc7 24. c4 d4 25. Qe1 Raf8 26. Qe4 b6 27. Qh7
Rd8 28. h3 Qd6 29. c5 bxc5 30. Qe4 Qd5 31. Qe1 Kd6 32. Qa5 Ra8 33. Re1 Raf8 34.
Qxa6+ Kc7 35. Qa7+ Kc8 36. Bc4 Qc6 37. Rb1 R6f7 38. Bb5 Qxb5 39. Rxb5 Rxg7 40.
Rb7 Rf1+ 41. Kh2 Kd8 42. Qa5+ Ke8 43. Qc7 Re7 44. Qc8+ Kf7 45. Rxd7 Rxd7 46.
Qxd7+ Kf6 47. a4 Ke5 48. Qb5 Rc1 49. a5 Ke4 50. Qb2 Rc4 51. Qe2+ Kd5 52. Qa2 1-0

[Event "World Teams 2013"]
[Site "Antalya TUR"]
[Date "2013.11.28"]
[Round "3.1"]
[White "Ipatov, Alexander"]
[Black "Ezat, Mohamed"]
[Result "1-0"]
[WhiteTitle "GM"]
[BlackTitle "IM"]
[WhiteElo "2630"]
[BlackElo "2454"]
[WhiteTeam "Turkey"]
[BlackTeam "Egypt"]
[WhiteFideId "14116731"]
[BlackFideId "10600906"]
[EventDate "2013.11.26"]

1. d4 Nf6 2. c4 g6 3. Nc3 Bg7 4. e4 d6 5. Bd3 O-O 6. Nge2 c5 7. d5 e6 8. Bg5 h6
9. Bh4 exd5 10. cxd5 Nbd7 11. O-O Ne5 12. f4 Nxd3 13. Qxd3 Re8 14. Kh1 Qb6 15.
Bxf6 Bxf6 16. f5 Be5 17. Qh3 Kg7 18. Rf3 Qxb2 19. Raf1 Qd2 20. Qh4 Qg5 21. Qf2
f6 22. Nf4 Bxc3 23. Rxc3 Rxe4 24. Re3 Re5 25. Rg3 Rxf5 26. Qe1 Rxf4 27. Qe7+ Kh8
28. Rxf4 Bg4 29. Rgxg4 1-0

[Event "World Teams 2013"]
[Site "Antalya TUR"]
[Date "2013.11.28"]
[Round "3.1"]
[White "Abdel Razik, Khaled"]
[Black "Solak, Dragan"]
[Result "1/2-1/2"]
[WhiteTitle "IM"]
[BlackTitle "GM"]
[WhiteElo "2450"]
[BlackElo "2618"]
[WhiteTeam "Egypt"]
[BlackTeam "Turkey"]
[WhiteFideId "10601104"]
[BlackFideId "916811"]
[EventDate "2013.11.26"]

1. d4 d6 2. e4 g6 3. h4 Nf6 4. Nc3 Bg7 5. Be2 h5 6. Bg5 Nc6 7. Nf3 Bg4 8. d5
Bxf3 9. gxf3 Ne5 10. a4 c6 11. a5 cxd5 12. Nxd5 Ned7 13. c3 a6 14. Rg1 Rc8 15.
Be3 Nxd5 16. Qxd5 Qc7 17. Kf1 Qc6 18. Qxc6 Rxc6 19. Ra4 Bf6 20. Rb4 Rc7 21. Bc4
e6 22. Rh1 Ne5 23. Be2 Nc6 24. Ra4 Bd8 25. Kg2 Rc8 26. b4 Bf6 27. b5 axb5 28.
Bxb5 O-O 29. a6 bxa6 30. Rxa6 Nb8 31. Rxd6 Rxc3 32. Rb6 Rfc8 33. Bf4 Nc6 34.
Bxc6 R8xc6 35. Rb8+ Rc8 36. Rxc8+ Rxc8 37. Kg3 Bd4 38. Rd1 e5 39. Be3 Bxe3 40.
fxe3 Rc3 41. Rd5 f6 42. Rd6 Kg7 43. Rd7+ Kf8 44. Kf2 Rc2+ 45. Kg3 Re2 46. Rd3 f5
47. Rd5 fxe4 48. Rxe5 exf3 49. Kxf3 Rh2 50. Kg3 Rh1 51. Re4 Kf7 52. Kg2 Re1 1/2-1/2

[Event "World Teams 2013"]
[Site "Antalya TUR"]
[Date "2013.11.28"]
[Round "3.1"]
[White "Esen, Baris"]
[Black "Shoker, Samy"]
[Result "1-0"]
[WhiteTitle "GM"]
[BlackTitle "IM"]
[WhiteElo "2565"]
[BlackElo "2500"]
[WhiteTeam "Turkey"]
[BlackTeam "Egypt"]
[WhiteFideId "6302114"]
[BlackFideId "627143"]
[EventDate "2013.11.26"]

1. d4 Nf6 2. Nf3 d6 3. g3 g6 4. Bg2 Bg7 5. c4 O-O 6. O-O c6 7. Nc3 Bf5 8. Ne1 e5
9. d5 a5 10. e4 Bd7 11. Nd3 Na6 12. f3 cxd5 13. cxd5 b5 14. Be3 b4 15. Na4 Bb5
16. Re1 Nd7 17. Bf1 Qb8 18. b3 f5 19. Ndb2 f4 20. Bf2 fxg3 21. hxg3 Bxf1 22.
Rxf1 Bh6 23. Nc4 Qc7 24. Nab6 Nxb6 25. Bxb6 Qd7 26. Kg2 Rab8 27. Bxa5 Bg5 28.
Bb6 h5 29. a3 h4 30. g4 Rfc8 31. Ba5 bxa3 32. Kh3 Bf4 33. Bc3 Nc7 34. Nxa3 Nb5
35. Nxb5 Qxb5 36. Bd2 Rf8 37. Bxf4 Rxf4 38. Kxh4 Rbf8 39. Kg3 Qb6 40. Qd3 Qd8
41. b4 Qg5 42. b5 R4f7 43. Kg2 Qf4 44. Qe2 Rh7 45. Rh1 Rc7 46. Ra2 Rc3 47. Rh3
Rc1 48. b6 Rb8 49. Rb2 Ra1 50. b7 Ra7 51. Qc2 Qg5 52. Qc8+ 1-0